| 000 | 00733nam a2200193Ia 4500 | ||
|---|---|---|---|
| 003 | GCL | ||
| 008 | 140319s9999 xx 000 0 ara d | ||
| 040 |
_aGCL / _cGCL |
||
| 082 | 0 | 4 |
_a953.03 _bاد |
| 100 | 1 | _aابراهيم بيضون | |
| 245 | 1 | 0 |
_aالدولة الاموية والمعارضة: مدخل الى كتاب السيطرة العربية للمستشرق الهولندى فان فوكذ / _cابراهيم بيضون |
| 260 |
_a[S.N] : _bالمؤسسة الجامعية للدراسات والنشر والتوزيع ، _c1985 |
||
| 300 | _a207 ص | ||
| 490 | _a | ||
| 650 | 0 | 4 | _aالدولة الاموية |
| 650 | 0 | 4 | _aالامويون |
| 650 | 0 | 4 | _aتاسيس الدولة الاموية |
| 942 |
_2ddc _cBK |
||
| 999 |
_c53196 _d53196 |
||